| 000 | 00732nam a2200229 a 4500 | ||
|---|---|---|---|
| 001 | 42188 | ||
| 003 | BD-RjUL | ||
| 005 | 20211209053515.0 | ||
| 008 | 160611s1979 nyu||||| |||| 00| 0 eng d | ||
| 035 | _a(BD-RjUL)42306 | ||
| 040 |
_aBD-RjUL _beng _cBD-RjUL |
||
| 041 | _aeng | ||
| 082 |
_223 _a327.73 _bEAG 1979 |
||
| 245 |
_aEagle Entangled : _bU.S. foreign policy in a complex world / _cKenneth A. Oye, Donald Rothchild , Robert J. Lieber. |
||
| 260 |
_aNew york : _bLongman, _cc1979. |
||
| 300 |
_axi, 365p. ; _c23 cm. |
||
| 650 |
_a Foreign relations _y1977-1981 _zUnited States _9129744 |
||
| 700 |
_aOye, Kenneth A. _9129745 |
||
| 700 |
_aRothchild, Donald. _9129746 |
||
| 700 |
_aLieber, Robert J. _9129747 |
||
| 942 |
_2ddc _cBK |
||
| 999 |
_c42188 _d42188 |
||